| 000 | 01105cad a22002655a 4500 | ||
|---|---|---|---|
| 001 | E152137 | ||
| 008 | 110201s2010 xxk f 100 0 eng d | ||
| 020 | _a9781842196199 | ||
| 035 | _a(Sirsi) u152137 | ||
| 041 | 0 | _aeng | |
| 100 | 1 | _aGinige, Tilak | |
| 111 | 2 |
_aConstruction and Building Research Conference _cDauphine Universite, Paris _d2-3 September 2010 |
|
| 245 | 0 | 4 |
_aThe Severn tidal barrage project _ba legal paradox? A case study looking at the possible conflict between climate change policy and environmental legislation in the UK _h[electronic resource] |
| 260 |
_aLondon _bRICS _c2010 |
||
| 520 | _aA paper presented at the COBRA Conference in Paris on 2-3 September 2010. | ||
| 590 | _aKA | ||
| 650 | 2 | 4 | _aCONSTRUCTION AND BUILDING RESEARCH CONFERENCE (COBRA) |
| 651 | 4 |
_aUnited Kingdom _y |
|
| 690 | _aENVIRONMENTAL AND LAND CONSULTANCY-SUSTAINABILITY | ||
| 700 | 1 | _aThornton, Ann | |
| 700 | 1 | _aBall, Fraser | |
| 700 | 1 | _aSparks, Natalie | |
| 856 | 4 | 0 |
_uhttps://www.rics.org/site/scripts/download_info.aspx?fileID=8031&categoryID=720 _zBroken link - not available |
| 942 | _n0 | ||
| 999 |
_c111889 _d111889 |
||